Multiple Choice City Quiz – Haifa - Statistics

General Stats
  • This quiz has been taken 24 times
    23 since last reset
  • The average score is 6 of 10
Answer Stats
Question Answer % Correct
Haifa port is one of the largest ports in the ... Eastern Mediterranean Sea
100%
What or who is The Carmelit? City's subway system, the smallest in the world
86%
Which of these images depicts Haifa?
79%
Which religion has its World Centre in Haifa (shown in the image above)? Baha'i faith
79%
Which of these military commanders did NOT attack Haifa? Ghengis Khan
64%
What football club based in Haifa played several times in the Champions League group stage? Maccabi
64%
Which American rock musician was born in Haifa? Gene Simmons
50%
Haifa has the only ___________ in the Middle East. Japanese museum
36%
What was "Masada on the Carmel" in Haifa? Jewish plan to build a last stand in Haifa against the advancing Nazis in the 1940s
36%
Who in the bible defeated 450 false prophets of Ba'al on mount Carmel, near present-day Haifa? Prophet Elijah
36%
No matching quizzes found
Score Distribution
Percent of People with Each Score
Percentile by Number Answered
Your Score History
You have not taken this quiz since the last reset